Тихий американец: Роман

Bibliographische Detailangaben
1. Verfasser: Грин Г. Грэм
Weitere Verfasser: Голышева Е. (переводчик), Изаков Б.
Zusammenfassung:Исключено из фонда НТБ ТПУ
Sprache:Russisch
Veröffentlicht: Минск, Мастацкая лiтаратура, 1987
Schriftenreihe:Политический роман
Schlagworte:
Format: MixedMaterials Buch
KOHA link:https://koha.lib.tpu.ru/cgi-bin/koha/opac-detail.pl?biblionumber=126627

MARC

LEADER 00000nam0a2200000 4500
001 126627
005 20250604100010.0
035 |a (RuTPU)RU\TPU\book\136984 
090 |a 126627 
100 |a 20071129d1987 m y0rusy5003 ca 
101 1 |a rus  |c eng 
102 |a RU 
105 |a a z 000ay 
200 1 |a Тихий американец  |e Роман  |f Г. Грин  |g пер. с англ. Е. Голышева и Б. Изаков 
210 |a Минск  |c Мастацкая лiтаратура  |d 1987 
215 |a 187,[2] с.  |c ил.  |d 21 см 
225 1 |a Политический роман 
333 |a Исключено из фонда НТБ ТПУ 
610 0 |a Национально-осовобидетельное движение во Вьетнаме. 20 в. (х. л.) 
610 0 |a Американцы во Вьетнаме (х. л.) 
610 0 |a Журналисты английские (х. л.) 
675 |a 82 
700 1 |a Грин  |b Г.  |g Грэм  |4 070 
702 1 |a Голышева  |b Е.  |4 730 
702 1 |a Изаков  |b Б.  |4 730 
801 0 |a RU  |b RuMRKP  |c 19950417  |g psbo 
801 1 |a RU  |b 63413507  |c 20071129  |g PSBO 
801 2 |a RU  |b 63413507  |c 20071129  |g PSBO 
850 |a 63413507 
942 |c BK